000
00238nam a2200097Ia 4500
001
703897
005
20250826162400.0
008
250824s9999 xx 000 0 und d
245
0
_a
HAYAL KÜRE
_c
KORAY AVCI ÇAKMAN
260
_b
TUDEM YAYINLARI
999
_c
703897
_d
703897